Govt. of
Madhya Pradesh

Divorced Women (Record no. 296)

MARC details
000 -LEADER
fixed length control field 005050000a22001930004500
001 - CONTROL NUMBER
control field 000294
003 - CONTROL NUMBER IDENTIFIER
control field MACL
005 - DATE AND TIME OF LATEST TRANSACTION
control field 20150707162902.0
008 - FIXED-LENGTH DATA ELEMENTS--GENERAL INFORMATION
fixed length control field 150707b xxu||||| |||| 00| 0 eng d
040 ## - CATALOGING SOURCE
Original cataloging agency MACL
Transcribing agency MACL
041 ## - LANGUAGE CODE
Language code of text/sound track or separate title English
082 ## - DEWEY DECIMAL CLASSIFICATION NUMBER
Classification number 306.89/DEV
100 ## - MAIN ENTRY--PERSONAL NAME
Personal name R., Usha Devi
9 (RLIN) 1317
245 ## - TITLE STATEMENT
Title Divorced Women
Remainder of title Socio-Psychological Problems
Statement of responsibility, etc. Usha Devi R.
260 ## - PUBLICATION, DISTRIBUTION, ETC. (IMPRINT)
Place of publication, distribution, etc. New Delhi
Date of publication, distribution, etc. 1998
Name of publisher, distributor, etc. APH Publishing Carporation,
350 ## - PRICE (NR) (BK AM CF MU VM SE) [OBSOLETE]
Price 400
650 ## - SUBJECT ADDED ENTRY--TOPICAL TERM
Topical term or geographic name as entry element Social Science
9 (RLIN) 1318
942 ## - ADDED ENTRY ELEMENTS (KOHA)
Call number prefix 307
Koha item type Books
Source of classification or shelving scheme
Holdings
Withdrawn status Lost status Source of classification or shelving scheme Damaged status Not for loan Home library Current library Date acquired Cost, normal purchase price Total Checkouts Full call number Barcode Date last seen Uniform Resource Identifier Price effective from Koha item type
          MACL MACL 15/04/2015 400.00   306.89/DEV CRE012002 02/05/2024 294 15/04/2015 Books